Marine ranching / (Record no. 15725)

000 -LEADER
fixed length control field 01703cam a2200277Ia 4500
020 ## - INTERNATIONAL STANDARD BOOK NUMBER
ISBN 9251049610
040 ## - CATALOGING SOURCE
Transcribing agency FQG
082 ## - DEWEY DECIMAL CLASSIFICATION NUMBER
Classification number 333 FOO 2004 A078 Or.
245 00 - TITLE STATEMENT
Title Marine ranching /
260 ## - PUBLICATION, DISTRIBUTION, ETC. (IMPRINT)
Place of publication Rome :
Name of publisher Food and Agriculture Organization of the United Nations,
Year of publication 2004
300 ## - PHYSICAL DESCRIPTION
Number of Pages v, 213 p. :
Other physical details col. ill., col. maps ;
Dimensions 30 cm
490 1# - SERIES STATEMENT
Series statement FAO fisheries technical paper ;
500 ## - GENERAL NOTE
General note "Design and layout was performed by Daniela Scicchigno"--P. [iii]
500 ## - GENERAL NOTE
General note "TC/M/Y4783E/1/12.04/2100"--P. [4] of cover
520 ## - SUMMARY, ETC.
Summary, etc With coastal fisheries in decline around the world, there is mounting concern about how long current sources of seafood can supply world needs. Governments, resource managers and those who make their livelihood on fishing are seeking better ways to improve fishing yields. Many seek greater emphasis on restocking and aquaculture-based stock enhancement as a way rapidly to replenish depleted fish stocks and increase fishery landings. This volume presents case studies that represent various scenarios and situations in using sea ranching and marine hatchery enhancement to generate income, re-establish fisheries and conserve aquatic biodiversity. The studies demonstrate that stocking can clearly work in some cases to increase fishery landings, but that economic success will depend on many factors
650 #0 - SUBJECT ADDED ENTRY--TOPICAL TERM
Topical Term Marine resources conservation
650 #0 - SUBJECT ADDED ENTRY--TOPICAL TERM
Topical Term Fish stocking
650 #0 - SUBJECT ADDED ENTRY--TOPICAL TERM
Topical Term Aquatic biodiversity conservation
650 #0 - SUBJECT ADDED ENTRY--TOPICAL TERM
Topical Term Fishes
650 #0 - SUBJECT ADDED ENTRY--TOPICAL TERM
Topical Term Environmental monitoring
650 #0 - SUBJECT ADDED ENTRY--TOPICAL TERM
Topical Term Fisheries
700 1# - ADDED ENTRY--PERSONAL NAME
Personal name Bartley, Devin M
700 1# - ADDED ENTRY--PERSONAL NAME
Personal name Leber, Kenneth M.
710 2# - ADDED ENTRY--CORPORATE NAME
Corporate name or jurisdiction name as entry element Food and Agriculture Organization of the United Nations
942 ## - ADDED ENTRY ELEMENTS (KOHA)
Koha item type សៀវភៅភាសាអង់គ្លេស
952 ## - LOCATION AND ITEM INFORMATION (KOHA)
Withdrawn status [LOCAL, KOHA] 0
Holdings
Permanent Location Date acquired Koha item type Lost status Shelving location Barcode Current Location Full call number
Library Block A2017-12-06សៀវភៅភាសាអង់គ្លេស A078RUA060010Library Block A333 FOO 2004 A078 Or.
មជ្ឈមណ្ឌលឯការនៃសាកលវិទ្យាល័យភូមិន្ទកសិកម្មចំការដូង

Powered by Koha